000 00660nam a2200229Ia 4500
008 180523s9999 xx 000 0 und d
020 _a978-0-471-74522-8
050 _aMAIN TX 911.3
050 _b.P4S66 2007
100 _aSommerville, Kerry L.
245 0 _aHospitality employee management and supervision :
245 0 _bconcepts and practical applications /
245 0 _cKerry L. Sommerville.
260 _aNew Jersey :
260 _bJohn Wiley & Sons,
260 _c2007
300 _a344 pages :
300 _billustrations ;
300 _c23 cm.
500 _aIncludes index.
650 _aHospitality industry -- Personnel management.
999 _c357804
_d357804